000 00958nas a2200301 4500
001 BR2017003234
003 BR-BrBNA
005 20231205131148.0
007 ta
008 230509b bl.|||p| |||| 00| 00por d
040 _aBR-BrBNA
_bpor
_cBiblioteca Nacional de Agricultura
041 _a(En)
072 _aF02
100 1 _aGomes, H.T.
100 1 _aBartos, P.M.C.
100 1 _aAndrade, M.T. de
100 1 _aAlmeida, R.F.
100 1 _aLacerda, L.F. de
100 1 _aScherwinski-Pereira, J.E.
245 1 _aIn vitro conservation of blackberry genotypes under minimal growth conditions and subsequent large-scale micropropagation
650 _aAMORA PRETA
650 _aCRESCIMENTO
650 _aMICROPROPAGAÇÃO
650 _aGENÓTIPO
773 0 _tPesquisa Agropecuária Brasileira (Brazil)
_xISSN 0100-204X
_g(Dec 2017), v. 52(12) p. 1286-1290
_wBR2017003234
909 _a202311
_bLúcia
_c55
_dLúcia Elande
942 _2AGRIS
_n0
_cANA
999 _c253329
_d253329